| 000 | 00382cam a22001217a 4500 | ||
|---|---|---|---|
| 008 | 180718b1977 xxu||||| |||| 00| 0 eng d | ||
| 082 | _aI5371 K959 | ||
| 245 |
_aManagement information systems _cedited by N.K. Kulshrestha |
||
| 260 |
_aJaipur _bHCM Institute of Public Administration _c1977 |
||
| 300 | _a94p. | ||
| 650 | _aManagement Information Systems | ||
| 700 | _aKulshrestha, N.K. | ||
| 999 |
_c477053 _d477053 |
||